Responses for show #2622 - Tuesday, January 16, 1996

Barbara Walker game 5.
Bill Dickenson game 1.

Contestants

Dan Iacobazzi, an underwriter from Bowie, Maryland

Bill Dickenson, a college instructor from Richardson, Texas

Barbara Walker, an elementary school principal from Westminster, Maryland (whose 4-day cash winnings total $46,100)

Jeopardy! Round responses

MYTHOLOGY
ANIMAL GROUPS
CALIFORNIA CITIES
MONEY & FINANCE
OPRYLAND USA
WHAT'S THE PITCH?
    $100 1
Helen

Bill
    $100 6
Apes

Barbara
    $100 11
Los Angeles

Barbara
    $100 16
Bear Market

Barbara
    $100 21
Tennessee

Bill
    $100 26
Avis

Bill
    $200 2
Cyclops

Dan
    $200 7
Ravens

Barbara
    $200 12
San Diego

Barbara
    $200 17
(Bill: What is bullish?)

Cash Cow

Bill
Triple Stumper
    $200 22
(D: Who is Grant?)

Andrew Jackson

BillDan
    $200 27
Alka-Seltzer

Dan
    $300 3
Styx

Barbara
    $300 8
Business

Triple Stumper
    $300 13
San Francisco

Bill
    $300 18
Luxury Tax

Barbara
    $300 23
(Dan: What is Nashville?)
...
(Alex: We were going for the name of the network, not the city.)

TNN (The Nashville Network)

Dan
Triple Stumper
    $300 28
(Barbara: What is Sara Lee?)
(BIll: What is Betty Crocker?)
...
(Alex: "And [*] says it best.")

Pillsbury

BarbaraBill
Triple Stumper
    $400 4
Wolf

Bill
    $400 9
Tidings

Dan
    $400 14
Beverly Hills

Barbara
    $400 19
(Barbara: What is an annual premium?)

Annuity

BarbaraBill
    $400 24
(Alex: "How-dee!")

Minnie Pearl

Bill
    $400 29
(Barbara: What is Nike?)

Reebok

Barbara
Triple Stumper
    $500 5
(D: Who is Hera?)

Juno

Dan
Triple Stumper
    $200 10
(D: What are wolverines?)

Badgers

Dan
    $500 15
San Jose

Bill
    $500 20
Sallie Mae

Dan
    $500 25
The Ryman Auditorium

Triple Stumper
    $500 30
United Negro College Fund (UNCF)

Dan

Scores at the first commercial break (after clue 14):

Barbara Bill Dan
$1,300 $800 -$100

Scores at the end of the Jeopardy! Round:

Barbara Bill Dan
$600 $2,000 $600

Double Jeopardy! Round responses

OPERA
(Alex: That's a good category!)
WORLD HISTORY
AMERICAN LITERATURE
19TH CENTURY POLITICIANS
ACTORS & ACTRESSES
POLYNESIA
    $200 13
Helsinki

Barbara
    $200 8
Cairo

Bill
    $200 1
Adultery

Dan
    $200 5
Stephen Douglas

Bill
    $200 19
Michael Keaton

Bill
    $200 18
Canoe

Barbara
    $400 14
"The Magic Flute"

Bill
    $400 9
South America

Bill
    $400 2
"The Last of the Mohicans"

Barbara
    $400 6
William Seward

Barbara
    $400 20
"All My Children"

Bill
    $400 21
New Zealand

Barbara
    $600 28
[The end-of-round signal sounds.]

Maximilian

Dan
    $600 10
Cambodia

Dan
    $600 3
"The Pearl"

Dan
    $600 15
Daniel Webster

Dan
    $600 23
Delta Burke

Triple Stumper
    $600 22
(Barbara: What is many nations?)
(Dan: Many islands?)
(Alex: Sorry, I can't give it to you and only because...)
(Bill: What is many islands?)
(Alex: ...you didn't phrase it in the form of a question in the Double Jeopardy! Round.)
...
(Alex: We have a minute to go.)

"many islands"

BarbaraBillDan
    $1,000 11
(D: Who is Hudson?)

William Baffin

Dan
    $800 4
"What Makes Sammy Run?"

Triple Stumper
    $800 16
Henry Clay

Bill
    $800 24
"Murphy Brown"

Dan
    $800 26
American Samoa

Triple Stumper
    $1000 12
Antonio de Salazar

Triple Stumper
    $1,000 7
"Elmer Gantry"

Barbara
    $1000 17
Boss Tweed

Bill
    $1000 25
(Barbara: Who is Winona Ryder?)

Claire Danes

Barbara
Triple Stumper
    $1000 27
Tonga

Triple Stumper

Scores at the end of the Double Jeopardy! Round:

Barbara Bill Dan
$1,600 $6,200 $2,400
(lock game)

[wagering suggestions for these scores]

Final Jeopardy! Round responses

SPORTS NICKNAMES
BarbaraWho is Jean Valjean
$1,599
DanWho is
$2,399
BillWho is Izod Lacoste
$1,000
Rene Lacoste

Final scores:

Barbara Bill Dan
$1 $7,200 $1
3rd place: Sanyo Multifunctional Fax Machine + a choice of GameTek Jeopardy! video games (First Edition, Deluxe Edition, or Sports Edition) + the Jeopardy! scorekeeper New champion: $7,200 + a choice of GameTek Jeopardy! video games (First Edition, Deluxe Edition, or Sports Edition) + the Jeopardy! scorekeeper 2nd place: Trip to Mexico + a choice of GameTek Jeopardy! video games (First Edition, Deluxe Edition, or Sports Edition) + the Jeopardy! scorekeeper

Game dynamics:

Coryat scores:

Barbara Bill Dan
$1,600 $6,200 $3,600
14 R
(including 1 DD),
5 W
18 R,
2 W
11 R,
6 W
(including 2 DDs)

Combined Coryat: $11,400

The J! Archive is created by fans, for fans. The Jeopardy! game show and all elements thereof, including but not limited to copyright and trademark thereto, are the property of Jeopardy Productions, Inc. and are protected under law. This website is not affiliated with, sponsored by, or operated by Jeopardy Productions, Inc. Join the discussion at JBoard.tv.